Dog Breeds Quiz! - Statistics

General Stats
  • This quiz has been taken 41 times
  • The average score is 29 of 48
Answer Stats
Picture Answer % Correct
Siberian Husky
94%
Beagle
91%
Pug
91%
Cocker Spaniel
81%
Dalmatian
81%
Poodle
81%
Golden Retriever
78%
Labrador
78%
Saint Bernard
78%
German Shepherd
75%
Chow Chow
72%
Chihuahua
69%
English Bulldog
69%
French Bulldog
69%
Great Dane
69%
Pomeranian
69%
Rottweiler
69%
Shiba Inu
69%
Border Collie
66%
Bull Terrier
66%
Basset Hound
63%
Boston Terrier
63%
Boxer
63%
Dachshund
63%
Yorkshire Terrier
63%
Akita
59%
Greyhound
59%
Bloodhound
56%
Doberman Pinscher
56%
Alaskan Malamute
53%
Bernese Mountain Dog
53%
Samoyed
53%
Springer Spaniel
53%
Cavalier King Charles Spaniel
50%
Jack Russell Terrier
50%
Newfoundland
50%
Shih Tzu
50%
Welsh Corgi
50%
Australian Shepherd
47%
Bichon Frise
47%
Maltese
44%
Whippet
44%
Rough Collie
41%
American Bulldog
38%
Staffordshire Bull Terrier
38%
Keeshond
22%
American Eskimo Dog
16%
Miniature Schnauzer
3%
No matching quizzes found
Score Distribution
Percent of People with Each Score
Percentile by Number Answered
Your Score History
You have not taken this quiz